A szálláshely szolgáltatásban működő társasági adóbevallást benyújtó cégek mutatóinak elemzése
| Szerző: | |
|---|---|
| További közreműködők: | |
| Dokumentumtípus: | TDK dolgozat |
| Kulcsszavak: | gazdasági mutatók jövedelmezőségi helyzet jövedelmezőségi mutató(k) kis- és mikrovállalkozások koronavírus-járvány (COVID-19) középvállalkozások nagyvállalatok pénzügyi teljesítmény szálláshely-szolgáltatás turizmus |
| Online Access: | http://dolgozattar.uni-bge.hu/60439 |
MARC
| LEADER | 00000nta a2200000 i 4500 | ||
|---|---|---|---|
| 001 | dolg60439 | ||
| 005 | 20260416073711.0 | ||
| 008 | 260416suuuu hu o 000 hun d | ||
| 040 | |a BGE Dolgozattár Repozitórium |b hun | ||
| 041 | |a hu | ||
| 100 | 1 | |a Szugyiczki Enikő | |
| 245 | 1 | 2 | |a A szálláshely szolgáltatásban működő társasági adóbevallást benyújtó cégek mutatóinak elemzése |c Szugyiczki Enikő |h [elektronikus dokumentum] |
| 516 | |a Students_Scientific_Association_paper | ||
| 520 | 3 | |a A kutatás célja a turizmus ágazatának pénzügyi teljesítményének és ellenálló képességének vizsgálata 2008 és 2023 között, különös tekintettel a külső sokkok, így a 2008-as globális pénzügyi válság, a COVID–19 járvány és az orosz–ukrán háború hatásaira.A szakirodalmi rész áttekinti a turizmus gazdasági szerepét, szerkezeti sajátosságait és sérülékenységét a makrogazdasági változásokkal szemben.Az empirikus kutatás idősoros elemzésre épül, a Nemzeti Adó- és Vámhivatal (NAV) adatbázisából származó, társasági adóbevallást benyújtó vállalkozások aggregált pénzügyi adatai alapján. Az elemzés a jövedelmezőségi, likviditási és hatékonysági mutatók vizsgálatán keresztül értékeli a szálláshely-szolgáltatásban működő vállalkozások teljesítményét mikro-, kis-, közép-, nagyvállalati és nemzetgazdasági szinten. A vizsgálat célja a különböző méretkategóriák pénzügyi stabilitásának és alkalmazkodóképességének összehasonlítása különösen a válságok időszakában, emellett a szektor ellenálló képességének feltárása. | |
| 695 | |a gazdasági mutatók | ||
| 695 | |a jövedelmezőségi helyzet | ||
| 695 | |a jövedelmezőségi mutató(k) | ||
| 695 | |a kis- és mikrovállalkozások | ||
| 695 | |a koronavírus-járvány (COVID-19) | ||
| 695 | |a középvállalkozások | ||
| 695 | |a nagyvállalatok | ||
| 695 | |a pénzügyi teljesítmény | ||
| 695 | |a szálláshely-szolgáltatás | ||
| 695 | |a turizmus | ||
| 700 | 1 | |a Hegedűs Dr. Szilárd |e ths | |
| 856 | 4 | 0 | |u http://dolgozattar.uni-bge.hu/60439/1/2025%20TdkSZE..pdf |z Dokumentum-elérés |
| 856 | 4 | 0 | |u http://dolgozattar.uni-bge.hu/60439/2/08_BGE%20TDK_Szerz%C5%91i%20hozz%C3%A1j%C3%A1rul%C3%A1s%20nyilatkozat%202025.docx |z Dokumentum-elérés |
| 856 | 4 | 0 | |u http://dolgozattar.uni-bge.hu/60439/3/Szugyiczki_Eniko.pdf |z Dokumentum-elérés |
| 856 | 4 | 0 | |u http://dolgozattar.uni-bge.hu/60439/4/05_Dolgozat_biralati_lap_2025_HU%20Szugyiczki%20Enik%C5%91.pdf |z Dokumentum-elérés |